Central Library OPAC University of Rajshahi

Adventures with my pets (Histoire de bêtes) / (Record no. 53575)

MARC details
000 -LEADER
fixed length control field 00874nam a2200289 a 4500
001 - CONTROL NUMBER
control field 53575
003 - CONTROL NUMBER IDENTIFIER
rucl marc code BD-RjUL
005 - DATE AND TIME OF LATEST TRANSACTION
control field 20211209080003.0
008 - FIXED-LENGTH DATA ELEMENTS--GENERAL INFORMATION
fixed length control field 190226s1961 pau 000 0 eng
035 ## - SYSTEM CONTROL NUMBER
System control number (BD-RjUL)53697
040 ## - CATALOGING SOURCE
Original cataloging agency DLC
Transcribing agency CarP
Modifying agency DLC
-- BD-RjUL
Language of cataloging eng
041 ## - LANGUAGE CODE
Language code of text/sound track or separate title eng
082 ## - DEWEY DECIMAL CLASSIFICATION NUMBER
Edition number 23
Classification number 636.0887
Author mark and year DUA 1961
100 1# - MAIN ENTRY--PERSONAL NAME
Personal name Dumas, Alexandre,
Dates associated with a name 1802-1870.
9 (RLIN) 228668
245 10 - TITLE STATEMENT
Title Adventures with my pets (Histoire de bêtes) /
Statement of responsibility, etc. Alexandre Dumas ; translated from the French by 636.0887
250 ## - EDITION STATEMENT
Edition statement 1st. Grey arrow ed.
260 ## - PUBLICATION, DISTRIBUTION, ETC. (IMPRINT)
Place of publication, distribution, etc. London :
Name of publisher, distributor, etc. Arrow Books,
Date of publication, distribution, etc. 1961
300 ## - PHYSICAL DESCRIPTION
Pagination 191 pages:
Illustrations ill.;
Size 18 cm.
490 ## - SERIES STATEMENT
Series statement Grey arrow books.
650 ## - SUBJECT ADDED ENTRY--TOPICAL TERM
Topical term or geographic name as entry element Pets
9 (RLIN) 228669
Topical term or geographic name as entry element Animal Husbandry
9 (RLIN) 228670
700 ## - ADDED ENTRY--PERSONAL NAME
Personal name Bell, A. Craig
830 ## - SERIES ADDED ENTRY--UNIFORM TITLE
Uniform title Grey arrow books.
942 ## - ADDED ENTRY ELEMENTS (KOHA)
Source of classification or shelving scheme Dewey Decimal Classification
Koha item type Books
Holdings
Lost status Source of classification or shelving scheme Damaged status Not for loan Collection code Permanent Location Current Location Shelving location Date acquired Source of acquisition Cost, normal purchase price Total Checkouts Full call number Date last seen Copy number Koha item type
  Dewey Decimal Classification   Not For Loan Non-fiction Central Library, University of Rajshahi Central Library, University of Rajshahi Reading Room 20/02/1963 Zeitlinger 5.00   636.0887 DUA 1961 26/02/2019 C-1 Books